| 000 | 01414cam a22001934a 4500 | ||
|---|---|---|---|
| 005 | 20250605164341.0 | ||
| 008 | 250528s ||||||||||||||||||||||||d | ||
| 035 | _a23631 | ||
| 040 |
_aGR-AtMCL _bgre _dGR-AtMCL _eAACR2 |
||
| 245 | 1 | _aΤο Ανθρώπινο Δυναμικό ως Συντελεστής της Αξιοπλοίας του Πλοίου | |
| 260 | _c2013 | ||
| 300 | _a45 | ||
| 520 | _aΕισαγωγή, Επισκόπηση Βιβλιογραφίας, Πλοιοκτήτριες Εταιρείες και Στόλος, Προσωπικό, Ταξινόμηση Πλοίων - Νηογνώμονες, Πρακτική Εφαρμογή, Byzantine Marine Corporation, Μελέτη Στόλου, Πληρώματα, Ευθύνες και Υποχρεώσεις Πληρωμάτων, Εκπαίδευση Πληρωμάτων, Το Ανθρώπινο Δυναμικό του Γραφείου Ξηράς, Υλοποίηση Μεθοδολογίας, Διαπίστωση Αξιοπλοίας του Στόλου, Αξιολόγηση Γνώσεων και Εμπειρίας των Πληρωμάτων, Μορφές Εκπαίδευσης και Παροχής Κινήτρων, Συμπεράσματα, Προτάσεις. | ||
| 700 | 1 |
_aΠιτσικούλη Ευαγγελία _99222 |
|
| 700 | 1 | _aΣερέμελης Αλέξανδρος | |
| 942 | _cDS | ||
| 999 |
_c8628 _d8628 |
||